|
|
|
|
| LEADER |
01671nam a2200349 a 4500 |
| 001 |
000000602 |
| 005 |
00000000000000.0 |
| 008 |
040407s1728 xo e lat |
| FMT |
|
|
|
| 040 |
|
|
|a SVKKK
|b slo
|c SVKKK
|e AACR2
|
| 041 |
0 |
|
|a lat
|
| 044 |
|
|
|a xo
|c SK
|
| 080 |
|
|
|a 801.321.1
|
| 130 |
0 |
|
|a Parnassus Illustratus
|
| 245 |
0 |
0 |
|a Parnassus Illustratus :
|b Parnassus Illustratus. Sive: Nomina (et) Elucidatio Historiarum Poëticarum, Fabularum, Insularum, Regionum, Urbium, Fluviorum, Montium, Fontium; Nominum item Patronymicorum aliorúmque Opusculum Divinae Poeseos Studiosis, ad intelligendas veterum Poëtaru Lucubrationes, per quam utile, ac pené necessarium: summô studiô collectum, aceditum nuper Pragae, nunc secundó recusum.
|
| 260 |
|
|
|a Tyrnaviae :
|b Typis Academicis per Fridericum Gall,
|c Anno 1728
|
| 300 |
|
|
|a [4],260 s. A/12-L/12 [=132] list.
|c 12°. 13x7 cm
|
| 500 |
|
|
|a Linky ozdobné, linky, inic. s ornam. pozadím vo voľ. priestore na 5 r., kustódy.
|
| 508 |
|
|
|a Na zl. A/2 nesignov. úvod k čitateľovi.
|
| 510 |
4 |
|
|a Petrik III/46; Hanakovič II/902; Podmanická II/696; Kolodziejský 258/1727; Pumprla 220/377; Zelliger 59.
|
| 561 |
|
|
|a Rkp.: Ex Libris Jos. Jurcsányi.
|
| 563 |
|
|
|a Pôvodná - drevené dosky, hnedá koža so stopami po zlát. rámcovej ornam.-link. slepotlači, chrbát pošk. so stopami po ornam. slepotlači.
|
| 653 |
1 |
|
|a slovníky výkladové
|
| 700 |
1 |
|
|a Jurcsányi, Jos.
|4 sgn
|
| 710 |
0 |
|
|a Akademická tlačiareň
|c Trnava
|d 1648-1773
|4 prt
|
| 752 |
|
|
|a Slovensko
|d Trnava
|
| 852 |
|
|
|p T 178 PA
|
| 904 |
|
|
|a ac y ff yyyb 1001
|
| 905 |
|
|
|a bc a0ed
|
| 910 |
|
|
|a svkkk
|
| 998 |
|
|
|a TRNTL
|
| BAS |
|
|
|